00263nam a22000857a 4500008004100000082001500041245005800056260005500114300000800169230627b xxu||||| |||| 00| 0 eng d a338.1bNYA aA Review of Policies on the Maize Sub-Sector in Kenya aNairobibInstitute of Policy Analysis and Research a30p